000 00483nam a2200193Ia 4500
005 20250423101652.0
008 250422s9999 xx 000 0 und d
020 _a0072263350
050 _aTK 5105 .B395/
100 _aBates, Regis (Bud)
245 0 _aVoice & data communications handbook
250 _a5th ed.
260 _aNew York
260 _bMcGraw-Hill
260 _cc2007
300 _a644 p
650 _aTelecommunication_Handbooks, manuals, etc.
942 _cBK
999 _c36928
_d36928